=LDR 00000nam 2200000 4500 =001 INLIS000000000022799 =005 20130612121524 =008 ***********************************Ind** =035 ##$$a0010-061300000022799 =041 ##$$a Ind =082 ##$$a 813 =090 ##$$a 813, Ett b =100 ##$$a Etty, Maria =245 ##$$a Hayuri, Maria Etty =260 ##$$a 2005 $b Jakarta =300 ##$$a vi, 324 hlm, ilus, 20 cm =650 ##$$a Fiksi Indonesia =850 ##$$a NBPNMAT =990 ##$$a 0001/BPAP-NTB/20142014